000 00523nam a22001937a 4500
003 KOHA_MİRAKIL
005 20250930163539.0
008 250930b tu ||||| |||| 00| 0 tur d
020 _a9786052603475
040 _aTR-AnABB
_btur
_cTR-AnABB
041 _atur
082 _a813.42
_bFIR 2021
100 1 _aFırat, Belma,
245 1 0 _aSözleşme /
_cBelma Fırat
260 _aİstanbul :
_bNota Bene Yayınları,
_c2021
300 _a94 sayfa ;
_c24 cm
650 0 4 _aTürk edebiyatı, roman
942 _2ddc
_cBK
999 _c9000
_d9000
900 _bGizem YORULMAZ